| 000 | 01001cam a22002895a 4500 | ||
|---|---|---|---|
| 001 | 13433233 | ||
| 005 | 20151201105348.0 | ||
| 008 | 031212t2004 enka frbd 001 0 eng d | ||
| 020 | _a9780415318235 | ||
| 040 |
_aDLC _cDLC _dYDX _dUKM _dBAKER _dNLGGC _dDLC _dEG-ScBUE _beng |
||
| 043 | _acl----- | ||
| 082 | 0 | 4 |
_a330.980033 _222 _bWAR |
| 100 | 1 |
_aWard, John, _d1946- _938813 |
|
| 245 | 1 | 0 |
_aLatin America : _bdevelopment and conflict since 1945 / _cJohn Ward. |
| 250 | _a2nd ed. | ||
| 260 |
_aLondon ; _aNew York : _bRoutledge / Taylor & Francis Group, _cc.2004. |
||
| 300 |
_aviii, 177 p. : _bill. ; _c23 cm. |
||
| 500 | _aIndex : p. 171-177. | ||
| 500 | _aGlossary : p. 158-162. | ||
| 504 | _aBibliography : p. 163-169. | ||
| 650 | _2BUEsh | ||
| 651 | 0 |
_aLatin America _xEconomic conditions _y1945- _2BUEsh |
|
| 651 | 0 |
_aLatin America _xSocial conditions _y1945-1982. _2BUEsh |
|
| 651 | 0 |
_aLatin America _xSocial conditions _y1982- _2BUEsh |
|
| 653 |
_bBUSADM _cAugust2015 _cDecember2015 |
||
| 942 | _2ddc | ||
| 999 |
_c20514 _d20486 |
||